1000 1079 1363 1012 1766 1234 1137 1751 1272 1359 1252 1929 1512 1680 1206 1397 1582 1313 1915 1359 1090 1318 1239 1475 1596 1088 1692 1263 1454 1173 1866 1868 1047 1393 1506 1642 1347 1825 1029 1098 1134 1474 1204 1030 1680 1319 1775 1994 1367 1784 1139 1471 1385 1072 1595 1040 1357 1556 1251 1220 1791 1477 1726 1388 1857 1967 1596 1482 1733 1396 1725 1057 1950 1645 1200 1132 1405 1558 1078 1224 1116 1931 1629 1694 1968 1690 1525 1776 1361 1677 1285 1554 1418 1821 1056 1431 1236 1886 1775 BCNSPRNW ULIB Ver.6.0+V

เปลี่ยนเป็นภาษาไทย

Change to English
 แสดงรายละเอียดบรรณานุกรม
  กลับหน้าหลัก

Brief Record : Get Marc (ISO 2709) : E-mail record : QR code < ปิดหน้าต่าง
LEADER : 00000nam 2200000uu 4500
001    13399121430
003     ULIB
008    120626s2546||||th 000 0 tha d
020    ^a9749150953
024    9789749150955
090    ^aรส.^bล533ล
100 0  ^aนิคม รายยวา
245 10 ^aคนบนต้นไม้ /^cนิคม รายยวา
250    ^aพิมพ์ครั้งที่ 22
260    ^aกรุงเทพฯ :^bมูลนิธิสถาบันวิชาการ 14 ตุลา,^c2546
300    ^a99 หน้า ;^c21 ซม.
490 0  ^aหนังสือชุด ตุลาวรรณกรรม
500    ^aฉลองครบรอบ 30 ปี 14 ตุลา : 2516-2546 ร่วมวาระประวัติศาสตร์ วัน 14 ตุลา ประชาธิปไตย
650  4 ^aความเรียง
710 2  ^aมูลนิธิสถาบันวิชาการ 14 ตุลา
945    ^p0^l0^i14357
995    ^aทศพร
999 ^a ใช้งานได้ทุกระบบ
รายการนี้ยังไม่มีแท็ก
คุณยังไม่ได้ล็อกอิน คุณสามารถมีกิจกรรมร่วมกับเว็บไซต์ได้ แต่ต้องล็อกอินก่อน ::
  ล็อกอิน

รายการสื่อสารสนเทศ

ลำดับที่ ประเภท เลขเรียก/บาร์โค้ด สถานที่ สถานะ
1. นวนิยาย
นวนิยาย
รส. ล533ล ฉ.1 
  Barcode: 14357
ห้องสมุดวิทยาเขตสวรรค์ประชารักษ์
►นวนิยาย
บนชั้น
  ขอยืม

รายการใกล้เคียง
    หัวเรื่อง [ความเรียง]

BibComment


ยังไม่เคยถูกคอมเมนท์

คอมเมนท์ทรัพยากรรายการนี้
  คอมเมนท์: คนบนต้นไม้ นิคม..


 Copyright 2026. Bcnsprnw @Library